<?xml version="1.0" encoding="UTF-8"?>
<collection xmlns="http://www.loc.gov/MARC21/slim">
 <record>
  <leader>01365nam a2200193 a 4500</leader>
  <controlfield tag="001">1/53314</controlfield>
  <controlfield tag="008">210820s1998    gr       b    100 | gre d</controlfield>
  <datafield tag="040" ind1=" " ind2=" ">
   <subfield code="a">GR-PeUP</subfield>
  </datafield>
  <datafield tag="082" ind1="0" ind2="0">
   <subfield code="a">320.531 ΔΙΕ</subfield>
  </datafield>
  <datafield tag="111" ind1="2" ind2=" ">
   <subfield code="a">Διεθνής Συνάντηση της Αθήνας &quot; Η Αριστερά στην Ευρώπη του εικοστού πρώτου αιώνα&quot;</subfield>
   <subfield code="d">(1997 :</subfield>
   <subfield code="c">Αθήνα, Ελλάδα)</subfield>
  </datafield>
  <datafield tag="245" ind1="1" ind2="0">
   <subfield code="a">Πρακτικά της διεθνούς συνάντησης της Αθήνας &quot;Η αριστερά στην Ευρώπη του εικοστού πρώτου αιώνα&quot; :</subfield>
   <subfield code="b">παγκοσμιοποίηση, κράτος-έθνος, κοινωνική αλληλεγγύη, τεχνολογία και πολιτισμός, 3-4 Ιουλίου 1997 /</subfield>
   <subfield code="c">Ινστιτούτο Στρατηγικών και Αναπτυξιακών Μελετών - Α. Παπανδρέου.</subfield>
  </datafield>
  <datafield tag="260" ind1=" " ind2=" ">
   <subfield code="a">Αθήνα :</subfield>
   <subfield code="b">ΙΣΤΑΜΕ,</subfield>
   <subfield code="c">1998.</subfield>
  </datafield>
  <datafield tag="300" ind1=" " ind2=" ">
   <subfield code="a">300 σ. ;</subfield>
   <subfield code="c">21 εκ.</subfield>
  </datafield>
  <datafield tag="504" ind1=" " ind2=" ">
   <subfield code="a">Περιέχει βιβλιογραφία.</subfield>
  </datafield>
  <datafield tag="650" ind1=" " ind2="4">
   <subfield code="a">Σοσιαλισμός</subfield>
   <subfield code="z">Ευρώπη.</subfield>
  </datafield>
  <datafield tag="650" ind1=" " ind2="0">
   <subfield code="a">Socialism</subfield>
   <subfield code="z">Europe.</subfield>
  </datafield>
  <datafield tag="710" ind1="2" ind2=" ">
   <subfield code="a">Ινστιτούτο Στρατηγικών και Αναπτυξιακών Μελετών &quot;Ανδρέας Παπανδρέου&quot;.</subfield>
  </datafield>
  <datafield tag="852" ind1=" " ind2=" ">
   <subfield code="a">INST</subfield>
   <subfield code="b">UNIPILB</subfield>
   <subfield code="c">MAIN</subfield>
   <subfield code="e">20210820</subfield>
   <subfield code="h">320.531 ΔΙΕ</subfield>
   <subfield code="p">00183250</subfield>
   <subfield code="q">00183250</subfield>
   <subfield code="t">LOAN</subfield>
   <subfield code="y">0</subfield>
   <subfield code="4">1</subfield>
  </datafield>
  <datafield tag="960" ind1=" " ind2=" ">
   <subfield code="a">ΜΑΡΙΑ ΒΕΛ</subfield>
  </datafield>
 </record>
</collection>
